| 000 | 00557nam a2200205 4500 | ||
|---|---|---|---|
| 001 | 137330 | ||
| 003 | ES-MaACL | ||
| 005 | 20230906195343.0 | ||
| 007 | t| | ||
| 008 | 070214s1981 sp r ||||1| spa d | ||
| 100 | 1 |
_aSánchez, Eleuterio. _9102356 |
|
| 245 | 1 | 0 |
_aCamina o revienta / _cEleuterio Sánchez. |
| 250 | _a1ª. ed. | ||
| 260 |
_aBarcelona : _bBruguera, _c1981. |
||
| 300 |
_a570 p. ; _c18 cm. |
||
| 490 | 1 |
_aCol. naranja ; _v48 |
|
| 830 | 0 |
_aCol. naranja ; _v48 _9187073 |
|
| 852 |
_aES-MaACL _jL-1117 _bR.101964 |
||
| 999 |
_c137330 _d137330 |
||